Normal view
MARC view
- Bachelard, Gastón,
Entry Nombre Personal
001 - NUMERO DE CONTROL
- campo de control: 28110
003 - IDENTIFICADOR DE NUMERO DE CONTROL
- campo de control: UPN
005 - FECHA Y HORA DE LA ÜLTIMA TRANSACCIÓN
- campo de control: 20240502090541.0
008 - DATOS DE LONGITUD FIJA
- campo de control de longitud fija: 240502nn|acannaabn | aaa |d
035 ## - NUMERO DE CONTROL
- Número de control: UPN11000000216
040 ## - FUENTE DE CATALOGACIÓN
- Lenguaje de catalogación: spa
- Agencia de transcripción: MX-MxUPN
- Agencia original de catalogación: MX-MxUPN
100 1# - ENCABEZAMIENTO - NOMBRE PERSONAL
- Nombre personal: Bachelard, Gastón,
- Fechas asociadas con el nombre: 1884-1962
370 ## - LUGAR ASOCIADO
- Fuente del término: $naf
- Place of birth: Bar-sur-Aube (Francia)
- Place of death: París (Francia)
372 ## - CAMPO DE ACTIVIDAD
- Fuente del término: $naf
- Field of activity: Teoría del conocimiento
373 ## - GRUPO ASOCIADO
- Fuente del término: $naf
- Associated group: Université de Paris I: Panthéon-Sorbonne
374 ## - OCUPACIÓN
- Occupation: Filósofo
- Occupation: Historiador
- Occupation: Profesor
670 ## - FUENTE EN LA QUE SE LOCALIZARON DATOS
- Cita de la fuente: T
- Información localizada: Salvat universal
670 ## - FUENTE EN LA QUE SE LOCALIZARON DATOS
- Cita de la fuente: LC, 02 mayo 2024 :
- Información localizada: (Bachelard, Gaston, 1884-1962)
- Uniform Resource Identifier: https://lccn.loc.gov/n79021312
680 ## - NOTA PUBLICA DE ACCESO PÚBLICO
- Frase explicativa de la referencia: Filósofo francés
902 ## - CATALOGADOR
- Catalogador: DAA/010807
902 ## - CATALOGADOR
- Catalogador: MaríaRobles/020524
